LEADER 04245nam 2200589 450 001 9910137203003321 005 20230621140747.0 010 $a9782889195206$b(ebook) 035 $a(CKB)3710000000526096 035 $a(WaSeSS)IndRDA00057694 035 $a(oapen)https://directory.doabooks.org/handle/20.500.12854/57316 035 $a(EXLCZ)993710000000526096 100 $a20160615h20152015 fy 0 101 0 $aeng 135 $aur||#|||||||| 181 $ctxt$2rdacontent 182 $cc$2rdamedia 183 $acr$2rdacarrier 200 00$aPsychological perspectives on expertise /$ftopic editors, Guillermo Campitelli, Michael H. Connors, Merim Bilalic? and David Zachary Hambrick 210 $cFrontiers Media SA$d2015 210 1$a[Lausanne, Switzerland] :$cFrontiers Media SA,$d2015. 210 4$d©2015 215 $a1 online resource (240 pages) $cillustrations (colour); digital file(s) 225 1 $aFrontiers Research Topics,$x1664-8714 300 $a"Published in: Frontiers in Psychology" -- front cover. 311 08$aPrint version: 2889195201 320 $aIncludes bibliographical references. 330 $aExperts are persons who are very knowledgeable about or skillful in a particular area. The aim of this Research Topic is to advance knowledge in the understanding of the phenomenon of expertise by putting together different lines of research that directly or indirectly study expertise. Herbert Simon's expertise studies initiated two lines of research. One is interested in elucidating the cognitive processes underlying expertise, and the other investigates how expertise develops. These lines of research started with studies comparing experts and novices in chess, and then they extended to numerous areas of expertise such as music, medical diagnosis, sports, arts and sciences. In the field of judgment and decision making researchers investigate the quality of judgments and decisions of experts in different professions (e.g., clinical psychologists, medical practitioners, judges, meteorologists, stock brokers). Those lines of research explicitly investigate the topic of expertise, but there are other research areas that make a substantial contribution to understanding expertise. Scholars in language acquisition and in face perception, for example, investigate cognitive processes and development of expertise in areas in which almost everyone becomes an expert. Furthermore, skill acquisition research informs in detail about short term cognitive changes that may be important to understand how expertise develops. We are interested in original research that advances knowledge in the understanding of decision making, cognitive processes and development of expertise in sports, intellectual games, arts, scientific disciplines and professions, as well as expertise in cognitive abilities such as perception, memory, attention, language and imagery. We are also interested in theoretical articles in any of these areas, articles that describe computational or mathematical models of expertise, and articles offering a framework that would guide expertise research. Articles that offer integrative approaches of some of the areas described above are strongly encouraged. The goal of this Research Topic is to produce a hallmark piece of work in the field of expertise, which complements and does not overlap with the "Neural implementations of expertise" Research Topic in Frontiers in Human Neuroscience. 410 0$aFrontiers research topics. 606 $aPsychology 606 $aExpertise 610 $aexpert performance 610 $askill acquisition 610 $aexpert cognitive processes 610 $adeliberate practice 610 $atraining 610 $aSkill transfer 610 $aExpertise 615 0$aPsychology. 615 0$aExpertise. 700 $aDavid Zachary Hambrick$4auth$01365745 702 $aCampitelli$b Guillermo 702 $aConnors$b Michael H. 702 $aBilalic?$b Merim 702 $aHambrick$b David Z 801 0$bWaSeSS 801 1$bWaSeSS 801 2$bUkMaJRU 906 $aBOOK 912 $a9910137203003321 996 $aPsychological perspectives on expertise$93387919 997 $aUNINA LEADER 05572nam 2200709Ia 450 001 9910141379103321 005 20230801224758.0 010 $a1-118-45975-X 010 $a1-283-65625-6 010 $a1-118-45976-8 035 $a(CKB)2670000000260798 035 $a(EBL)947652 035 $a(SSID)ssj0000720876 035 $a(PQKBManifestationID)11421695 035 $a(PQKBTitleCode)TC0000720876 035 $a(PQKBWorkID)10687005 035 $a(PQKB)11294083 035 $a(MiAaPQ)EBC947652 035 $a(Au-PeEL)EBL947652 035 $a(CaPaEBR)ebr10607328 035 $a(CaONFJC)MIL396875 035 $a(OCoLC)818858034 035 $a(EXLCZ)992670000000260798 100 $a20120611d2012 uy 0 101 0 $aeng 135 $aur|n|---||||| 181 $ctxt 182 $cc 183 $acr 200 10$aHydrology and the management of watersheds$b[electronic resource] /$fKenneth N. Brooks, Peter F. Ffolliott, Joseph A. Magner 205 $a4th ed. 210 $aAmes, Ia. $cWiley-Blackwell$d2012 215 $a1 online resource (564 p.) 300 $aRev. ed. of: Hydrology and the management of watersheds / Kenneth N. Brooks, et al. Iowa State University Press, 2003. 311 $a0-470-96305-0 320 $aIncludes bibliographical references and index. 327 $aHYDROLOGY AND THE MANAGEMENT OF WATERSHEDS; CONTENTS; PREFACE; DEFINITION OF TERMS; PART 1 Watersheds, Hydrologic Processes, and Pathways; CHAPTER 1 Introduction; OVERVIEW; WATERSHEDS; Watersheds and Stream Orders; A Geomorphologic Perspective; Watershed Assessments; INTEGRATED WATERSHED MANAGEMENT; SUSTAINABLE USE AND DEVELOPMENT OF NATURAL RESOURCES; Land and Water Scarcity; Coping with Hydrometeorological Extremes; WATERSHEDS, ECOSYSTEM MANAGEMENT, AND CUMULATIVE EFFECTS; RECONCILING WATERSHED AND POLITICAL BOUNDARIES; SUMMARY AND LEARNING POINTS; REFERENCES; WEBLIOGRAPHY 327 $aCHAPTER 2 Hydrologic Cycle and the Water BudgetINTRODUCTION; PROPERTIES OF WATER; Importance of Polarity; State of Water; THE HYDROLOGIC CYCLE; Hydrologic Processes; Water Budget; ENERGY AND THE HYDROLOGIC CYCLE; Radiation; Energy Budget; Energy and the Flow of Liquid Water; WATER FLOW IN SOIL; WATER FLOW ON LAND AND IN STREAM CHANNELS; SUMMARY AND LEARNING POINTS; REFERENCES; CHAPTER 3 Precipitation; INTRODUCTION; PRECIPITATION PROCESS; RAINFALL; Methods of Rainfall Measurement; Number of Gauges Required; Calculating Mean Rainfall on a Watershed; Errors Associated with Rainfall Measurement 327 $aAnalysis of Rainfall MeasurementsSNOWFALL; Methods of Snowfall Measurement; Analysis of Snowfall Measurements; Snowmelt; SUMMARY AND LEARNING POINTS; REFERENCES; WEBLIOGRAPHY; CHAPTER 4 Evaporation, Interception, and Transpiration; INTRODUCTION; THE EVAPORATION PROCESS; EVAPORATION FROM WATER BODIES; EVAPORATION FROM SOIL SURFACES; INTERCEPTION; Components of Interception; Interception Process; Hydrologic Importance of Interception; TRANSPIRATION; Measurement of Transpiration; Transpiration and Interception Relationships; Effects of Vegetative Cover; POTENTIAL EVAPOTRANSPIRATION 327 $aESTIMATING ACTUAL EVAPOTRANSPIRATIONEvapotranspiration/Potential Evapotranspiration Approach; Water Budget Approach; SUMMARY AND LEARNING POINTS; REFERENCES; CHAPTER 5 Infiltration, Pathways of Water Flow, and Recharge; INTRODUCTION; INFILTRATION; Infiltration Capacity; Measurement of Infiltration; Infiltration Equations; Land-use Impacts on Infiltration; Water-Repellent Soils; Soil Frost; PATHWAYS OF WATER FLOW; Groundwater Recharge; Water Flow into Stream Channels; Streamflow Regimes; Streamflow Hydrograph; Hillslope Hydrology; Variable Source Area Concept 327 $aFactors Affecting Stormflow ResponseSUMMARY AND LEARNING POINTS; REFERENCES; CHAPTER 6 Streamflow Measurement and Analysis; INTRODUCTION; MEASUREMENT OF STREAMFLOW; Measuring Discharge; Precalibrated Structures for Streamflow Measurement; Monitoring Streamflow in the United States; Obtaining Discharge Information on Ungauged Streams; METHODS FOR ESTIMATING STREAMFLOW CHARACTERISTICS; Direct Transfer of Streamflow Information; Estimating Peak Discharge; Stormflow Response; Analysis of Recession Flows; Computer Simulation Models; Streamflow Routing; Streamflow-Frequency Analysis 327 $aSUMMARY AND LEARNING POINTS 330 $aThis new edition is a major revision of the popular introductory reference on hydrology and watershed management principles, methods, and applications. The book's content and scope have been improved and condensed, with updated chapters on the management of forest, woodland, rangeland, agricultural urban, and mixed land use watersheds. Case studies and examples throughout the book show practical ways to use web sites and the Internet to acquire data, update methods and models, and apply the latest technologies to issues of land and water use and climate variability and change. 606 $aWatershed management 606 $aWatersheds 606 $aHydrology 615 0$aWatershed management. 615 0$aWatersheds. 615 0$aHydrology. 676 $a627 686 $aTEC010030$2bisacsh 700 $aBrooks$b Kenneth N$080093 701 $aFfolliott$b Peter F$0523390 701 $aMagner$b Joseph A$0890208 712 02$aWiley Online Library (Servicio en línea) 801 0$bMiAaPQ 801 1$bMiAaPQ 801 2$bMiAaPQ 906 $aBOOK 912 $a9910141379103321 996 $aHydrology and the management of watersheds$91988655 997 $aUNINA